000 00302nam a22001337a 4500
008 170425b xxu||||| |||| 00| 0 eng d
020 _a9780534998523
041 _aeng
080 _26th
_a54
100 _a12
101 _aSHM
245 _aCHEMISTRY & CHEMICAL REACTIVITY
_cKOTZ, F
942 _2udc
_cBK
999 _c11887
_d11887